| 000 | 01194nam a22003017a 4500 | ||
|---|---|---|---|
| 001 | BR8704880 | ||
| 003 | BR-BrBNA | ||
| 005 | 20230928092720.0 | ||
| 007 | ta | ||
| 008 | 230509b bl.||||| |||| 00| 0 por d | ||
| 040 |
_aBR-BrBNA _bpor _cBiblioteca Nacional de Agricultura |
||
| 041 | _a(Por) | ||
| 072 |
_aH20 _b1126 _b4120 _b3875 |
||
| 090 | _ 1126 BR8704880 | ||
| 100 | 1 | _aGoes, A. de | |
| 110 | 1 |
_aEscola Superior de Agricultura Luiz de Queiroz, Piracicaba, SP (Brasil) _0Tese (Mestre em Agronomia) |
|
| 245 | 1 | _aCaracterizacao patogenica, controle quimico e obtencao da fase sexuada de Fusarium moniliforme Sheld. var. subglutinans Wr. e Rg. do abacaxizeiro (Ananas comosus (L.)Merril) | |
| 246 | 1 | _aPathogenic characterization chemical control and the perfect stage of Fusarium moniliforme Sheld. var. subglutinans Wr. and Rg. of pineapple (Ananas comosus (L.)Merril) | |
| 260 | 3 |
_aPiracicaba, SP (Brasil): _c1986. |
|
| 300 | _a116 p. | ||
| 500 | _a18 tables; Bibliography p. 85-97 (84 ref.); Summaries (Eng, Por) | ||
| 650 | _aABACAXI | ||
| 650 | _aFUSARIOSE | ||
| 650 | _aFUNGICIDA | ||
| 650 | _aCONTROLE QUIMICO | ||
| 909 |
_a202309 _bLucia _c55 _dLucia Elande |
||
| 942 | _cBK | ||
| 999 |
_c40760 _d40760 |
||